| 000 | 00589nam a22001937a 4500 | ||
|---|---|---|---|
| 999 |
_c4790 _d4790 |
||
| 003 | AR-CdUCM | ||
| 008 | 190311b ||||| |||| 00| 0 spa d | ||
| 040 |
_aMUNICIPALIDAD PROVINCIAL DEL CUSCO _cBIBLIOTECA MUNICIPAL DEL CUSCO |
||
| 082 |
_a869.44 / _bQ71 |
||
| 100 |
_aQuiroga, Igor _914795 |
||
| 245 | _aLos ríos del aire / | ||
| 260 |
_aCochabamba : _bImprenta Offset Quiroga , _c1990. |
||
| 300 |
_a64 páginas ; _c21.2 cm. |
||
| 650 |
_aPoesia Boliviana _92577 |
||
| 650 |
_aPoesia Latinoamericana _92147 |
||
| 650 |
_aPoesia Romantica _914796 |
||
| 942 |
_2ddc _cLIBROS |
||
| 945 | _artm | ||